Fundamentals of probability (Record no. 79518)

MARC details
000 -LEADER
fixed length control field 00522 a2200193 4500
005 - DATE AND TIME OF LATEST TRANSACTION
control field 20140811145755.0
008 - FIXED-LENGTH DATA ELEMENTS--GENERAL INFORMATION
fixed length control field 140811b xxu||||| |||| 00| 0 eng d
020 ## - INTERNATIONAL STANDARD BOOK NUMBER
International Standard Book Number 9788131767191
080 ## - UNIVERSAL DECIMAL CLASSIFICATION NUMBER
Universal Decimal Classification number 519.216
Item number GHA
100 ## - MAIN ENTRY--PERSONAL NAME
Personal name Ghahramani, Saeed
245 ## - TITLE STATEMENT
Title Fundamentals of probability
Remainder of title with stochastic processes
250 ## - EDITION STATEMENT
Edition statement 3
260 ## - PUBLICATION, DISTRIBUTION, ETC. (IMPRINT)
Date of publication, distribution, etc 2012
Name of publisher, distributor, etc Pearson
Place of publication, distribution, etc New Delhi
300 ## - PHYSICAL DESCRIPTION
Extent xvii, 654p.
653 ## - INDEX TERM--UNCONTROLLED
Uncontrolled term Stochastic processes
653 ## - INDEX TERM--UNCONTROLLED
Uncontrolled term Bivariate distributions
653 ## - INDEX TERM--UNCONTROLLED
Uncontrolled term Combinatorial methods
942 ## - ADDED ENTRY ELEMENTS (KOHA)
item type Books
Holdings
Lost status Source of classification or shelving scheme Not for loan Home library Current library Date acquired Cost, normal purchase price Total Checkouts Full call number Barcode Date last seen Date checked out Cost, replacement price Price effective from Koha item type
  Universal Decimal Classification   University Library University Library 21/01/2014 0.00 2 519.216 GHA 00071445 30/08/2019 01/08/2019 0.00 21/01/2014 Books
University Library, CUSAT